01224nam a2200241 a 4500001001000000003000400010005001700014008004100031040002500072082002400097100005900121245007600180260006700256300003700323500006800360500025800428590002600686600008500712910003600797942001400833952011800847999001700965000027403OSt20240409073641.0110331d1945 dr c 000 s spa d aDO-SdBNPbspacBNPHU 4aRD865.44bT866p2221 aTrujillo Molina, Rafael Leónidas,d 1891-196197676413aEl palacio del Partido Dominicano /cRafael Leónidas Trujillo Molina. aCiudad Trujillo, República Dominicana :bCosmopolita,c1945. a[46 p.] :bil., retrs. ;c23 cm. aA la cabeza del título: Publicaciones del Partido Dominicano. aDiscurso de inauguración por el generalísimo Doctor Rafael Leónidas Trujillo Molina. Honorable Presidente de la República. Benefactor de la patria y director y jefe supremo de esta institución y actos celebrado con motivo de la inauguración. aInventariado, 2018/LP10aTrujillo Molina, Rafael Leónidas, d1891-1961xDiscursos presidenciales954475 aValiado. Control de calidad MFF 2ddccLBS1 0010718PDaPDbPDcHDd2011-03-31iLF1l0oRD865.44 T866pp27403-10r2020-06-25w2020-06-25yLFPDZNo se presta c26895d26895